| 000 | 02143nam1a2200373 i 4500 | ||
|---|---|---|---|
| 001 | RU\NLR\bibl\160774 | ||
| 005 | 20260406060953.0 | ||
| 035 | _a(NLR Aleph) 000157700 | ||
| 090 |
_a906491 _c906491 |
||
| 100 | _a20010605g19 9999u y0rusy50 ca | ||
| 101 | 0 | _arus | |
| 102 | _aRU | ||
| 105 | _aa ||||||||| | ||
| 200 | 1 |
_aАкустические волны в твердых телах _dAcoustic waves in solids _eУчеб. пособие для студентов ст. курсов физ. фак. _fИ.А. Бородина, С.Г. Джоши, Б.Д. Зайцев, И.Е. Кузнецова _gСарат. гос. ун-т им. Н.Г. Чернышевского _zeng |
|
| 210 |
_aСаратов _cИзд-во Сарат. ун-та _d2000 |
||
| 215 | _d20 | ||
| 300 | _aАвт. также на англ. яз.: I.A. Borodina, S.G. Joshi, B.D. Zaitsev, I.E. Kuznetsova | ||
| 300 | _aПредисл. парал. на рус. и англ. яз. | ||
| 463 | 0 | _1001156161 | |
| 463 | 0 | _1001198531 | |
| 510 | 0 |
_aAcoustic waves in solids _eText book for high course students of physics department _zeng |
|
| 606 |
_aАкустические волны в твердых телах _jРуководства, пособия и т.п. для высшей школы _92145734 _3RU\NLR\auth\661292773 |
||
| 606 |
_aАкустические волны _jУчебные издания для высшей школы _xРаспространение в твердых телах _92207445 _3RU\NLR\auth\661326184 |
||
| 686 | _aВ325я73-1 | ||
| 701 | 1 |
_aБородина _bИ. А. _gИрина Анатольевна _4070 |
|
| 701 | 1 |
_4070 _8rus _7ca _aДжоши _bС. Г. _3RU\NLR\auth\7711182 _9120936 |
|
| 701 | 1 |
_4070 _8rus _7ca _aЗайцев _bБ. Д. _cд-р физ.-мат. наук _f1949- _gБорис Давыдович _3RU\NLR\AUTH\7735703 _918700 |
|
| 701 | 1 |
_4070 _8rus _7ca _aКузнецова _bИ. Е. _cд-р физ.-мат. наук _gИрен Евгеньевна _3RU\NLR\auth\7770409 _953337 |
|
| 801 | 0 |
_aRU _bNLR _c20010605 _gPSBO |
|
| 801 | 1 |
_aRU _bNLR _c20010605 |
|
| 852 |
_aNLR _j2001-4/3219 |
||
| 942 | _cBOOK | ||